Most Ballon d'Or Nominations - Statistics

General Stats
  • This quiz has been taken 59 times
  • The average score is 12 of 15
Answer Stats
# T-3 W Player Country % Correct
18 12 5 Cristiano Ronaldo Portugal
100%
16 14 8 Lionel Messi Argentina
100%
8 3 1 Zinedine Zidane France
91%
11 0 0 Zlatan Ibrahimovic Sweden
85%
12* 4 3 Johan Cruyff Netherlands
84%
13* 5 2 Franz Beckenbauer Germany
82%
8 0 0 Didier Drogba Côte d'Ivoire
80%
9 0 0 Samuel Eto'o Cameroon
80%
9 2 0 Neymar Brazil
75%
13 2 0 Paolo Maldini Italy
75%
9 2 0 Thierry Henry France
71%
11 1 0 Gianluigi Buffon Italy
67%
12 1 1 Karim Benzema France
67%
8 0 0 Wayne Rooney England
67%
8 0 0 Iker Casillas Spain
53%
No matching quizzes found
Score Distribution
Percent of People with Each Score
Percentile by Number Answered
Your Score History
You have not taken this quiz